Scrabble-Legal Countries Quiz Stats

 Plays Quiz Updated Apr 30, 2019

Score 0/13 Timer 07:00
0 Plays Today
Points Country % Correct
10CHILE
84.7%
10CHINA
80.1%
13CYPRUS
54.8%
13TURKEY
53.8%
10CHAD
39.1%
10PANAMA
38.1%
14JAPAN
35.4%
17BRAZIL
34.8%
7GUINEA
31%
14JORDAN
25.5%
13MOROCCO
19.3%
6TONGA
13.9%
12BOLIVIA
9.1%

You're not logged in!

Compare scores with friends on all Sporcle quizzes.
OR
Log In

Sporcle TV

Today on Sporcle TV


Watch our educational content, quiz creation guides, and fun videos on Sporcle TV.

Show Comments

Extras

Top Quizzes Today


Score Distribution

Your Account Isn't Verified!

In order to create a playlist on Sporcle, you need to verify the email address you used during registration. Go to your Sporcle Settings to finish the process.

Report this User

Report this user for behavior that violates our Community Guidelines.

Details: